[Event "29. Schweinfurt Open"]
[Site "Schweinfurt"]
[Date "2019.06.23"]
[Round "7.12"]
[White "Nicola, Marius"]
[Black "Heiduk, Christoph"]
[Result "0-1"]
[WhiteElo "1505"]
[BlackElo "1875"]
[PlyCount "54"]
[EventDate "2019.??.??"]
[WhiteTeam "SK Schweinfurt 2000"]
[BlackTeam "SC Bayerwald Regen/Zwiesel"]

1. e4 c5 2. Nf3 Nc6 3. d4 cxd4 4. Nxd4 e5 5. Nb5 d6 6. N1c3 a6 7. Na3 Be7 8.
Nd5 Nf6 9. c4 Nxe4 10. Bd3 Nf6 11. Nc2 Nxd5 12. cxd5 Qa5+ 13. Bd2 Qxd5 14. Qe2
Qe6 15. O-O-O b5 16. Bxh7 Rxh7 17. Qe4 Bd7 18. Qxh7 O-O-O 19. b3 g6 20. h4 Bf6
21. Qh6 e4 22. Qe3 Qe5 23. Be1 Kb7 24. Kd2 Qb2 25. Rc1 d5 26. Ke2 d4 27. Qf4
d3+ 0-1

[Event "29. Schweinfurt Open"]
[Site "Schweinfurt"]
[Date "2019.06.23"]
[Round "7.13"]
[White "Bombe, Bernhard"]
[Black "Peuckert, Ruediger"]
[Result "0-1"]
[WhiteElo "1845"]
[BlackElo "1783"]
[PlyCount "44"]
[EventDate "2019.??.??"]
[WhiteTeam "SK Tarrasch München"]
[BlackTeam "SK Schweinfurt 2000"]

1. e4 c5 2. a3 d6 3. f4 Nf6 4. Nc3 Nc6 5. b4 cxb4 6. axb4 Nxb4 7. Ra4 a5 8.
Bb5+ Bd7 9. Qe2 Nxc2+ 10. Kd1 Nb4 11. Ba3 e5 12. Nf3 Be7 13. fxe5 dxe5 14. Nxe5
O-O 15. Kc1 Rc8 16. Kb2 Bxb5 17. Nxb5 Rc2+ 18. Kb1 Rxd2 19. Qf3 Qb6 20. Rxb4
axb4 21. Nc4 Qxb5 22. Nxd2 bxa3+ 0-1

[Event "29. Schweinfurt Open"]
[Site "Schweinfurt"]
[Date "2019.06.23"]
[Round "7.14"]
[White "Helm, Timo"]
[Black "Dosch, Stefan"]
[Result "1/2-1/2"]
[WhiteElo "2109"]
[BlackElo "1782"]
[PlyCount "69"]
[EventDate "2019.??.??"]
[WhiteTeam "SC Bad Königshofen / NES"]
[BlackTeam "SK Buchen-Walldürn"]

1. e4 e5 2. Bc4 Nf6 3. Nc3 Bc5 4. d3 d6 5. Bg5 c6 6. Qd2 h6 7. Bh4 Nxe4 8. Nxe4
Qxh4 9. b4 d5 10. Nxc5 dxc4 11. Nf3 Qe7 12. O-O b6 13. Ne4 cxd3 14. Qxd3 O-O
15. Qd6 Qxd6 16. Nxd6 f6 17. Nxc8 Rxc8 18. a4 Na6 19. c3 Rd8 20. Rfd1 Kf7 21.
Kf1 Nc7 22. c4 Ne6 23. g3 c5 24. b5 Nd4 25. Nxd4 Rxd4 26. Rxd4 exd4 27. a5 Re8
28. axb6 axb6 29. Ra7+ Re7 30. Ra6 Re6 31. Ra7+ Kg6 32. Rc7 f5 33. Rc8 Kf6 34.
Rf8+ Ke7 35. Rxf5 1/2-1/2

[Event "29. Schweinfurt Open"]
[Site "Schweinfurt"]
[Date "2019.06.23"]
[Round "7.15"]
[White "Lang, Stefan"]
[Black "Wilm, Konrad"]
[Result "1-0"]
[WhiteElo "2094"]
[BlackElo "1735"]
[PlyCount "55"]
[EventDate "2019.??.??"]
[WhiteTeam "SK Bad Neustadt"]
[BlackTeam "SK Arnstein"]

1. c4 e6 2. Nc3 Bb4 3. Na4 Qf6 4. a3 Be7 5. Qc2 c5 6. Nf3 Nc6 7. e3 b6 8. Nc3
g6 9. Nb5 Kd8 10. Nc3 Qg7 11. Rb1 Nf6 12. b3 Ng4 13. h3 Nh6 14. Ne4 Rf8 15. Bb2
f6 16. d4 Qg8 17. Rd1 f5 18. Nc3 cxd4 19. exd4 Bf6 20. Be2 d5 21. Nb5 Bd7 22.
Ne5 Bxe5 23. dxe5 Ke7 24. cxd5 exd5 25. Nc7 Rac8 26. Nxd5+ Ke8 27. Nf6+ Rxf6
28. exf6 1-0

[Event "29. Schweinfurt Open"]
[Site "Schweinfurt"]
[Date "2019.06.23"]
[Round "7.16"]
[White "Ley, Reinhard"]
[Black "Reinl, Fred"]
[Result "0-1"]
[WhiteElo "1709"]
[BlackElo "1961"]
[PlyCount "128"]
[EventDate "2019.??.??"]
[WhiteTeam "SV Spr.Siershahn"]
[BlackTeam "SK Schweinfurt 2000"]

1. d4 Nf6 2. Nf3 e6 3. e3 d5 4. Bd3 a6 5. Nbd2 c5 6. c3 Nc6 7. Ne5 cxd4 8. exd4
Nxe5 9. dxe5 Nd7 10. Nf3 Qc7 11. Qe2 Bc5 12. O-O h6 13. Re1 Nb6 14. Be3 Bd7 15.
Bd4 Na4 16. Rac1 b5 17. b3 Nb6 18. Rc2 Rc8 19. Qe3 O-O 20. Bxc5 Qxc5 21. Qxc5
Rxc5 22. Nd4 Rfc8 23. Rec1 g5 24. Ne2 Kg7 25. Ng3 f5 26. Nh5+ Kf7 27. Nf6 Be8
28. f3 Nd7 29. Nxd7 Bxd7 30. g3 f4 31. g4 Kg7 32. Kf2 Be8 33. Ke2 Bg6 34. Bxg6
Kxg6 35. Kd3 h5 36. h3 R5c7 37. Kd2 hxg4 38. hxg4 Rh7 39. Kd3 Rh3 40. Rf1 Kf7
41. Kd4 Ke7 42. Kd3 Rch8 43. Kd4 Kd7 44. Kc5 Kc7 45. c4 dxc4 46. bxc4 Rh2 47.
Rff2 Rxf2 48. Rxf2 bxc4 49. Kxc4 Rd8 50. Re2 Rd5 51. Kc3 Kb6 52. Re4 a5 53. a4
Rc5+ 54. Kd3 Kc6 55. Rc4 Kd5 56. Rxc5+ Kxc5 57. Kc3 Kd5 58. Kd3 Kxe5 59. Kc4
Kd6 60. Kd4 e5+ 61. Kc4 Kc6 62. Kc3 Kc5 63. Kd3 Kd5 64. Kc3 e4 0-1

[Event "29. Schweinfurt Open"]
[Site "Schweinfurt"]
[Date "2019.06.23"]
[Round "7.17"]
[White "Memmel, Guenther"]
[Black "Althaus, Lennart"]
[Result "1/2-1/2"]
[WhiteElo "1865"]
[BlackElo "1549"]
[PlyCount "46"]
[EventDate "2019.??.??"]
[WhiteTeam "SK Schweinfurt 2000"]
[BlackTeam "TV-Großostheim"]

1. e4 d5 2. exd5 Qxd5 3. Nc3 Qa5 4. Nf3 Nf6 5. Be2 Bg4 6. O-O c6 7. d4 Nbd7 8.
Ne5 Nxe5 9. dxe5 Bxe2 10. Qxe2 Nd5 11. Bd2 e6 12. Ne4 Qc7 13. c4 Nb6 14. c5 Nd5
15. Nd6+ Bxd6 16. exd6 Qd7 17. Qg4 O-O 18. b4 b6 19. a3 Rab8 20. Rab1 Rb7 21.
Qe4 Rfb8 22. Rfe1 Nf6 23. Qd3 Nd5 1/2-1/2

[Event "29. Schweinfurt Open"]
[Site "Schweinfurt"]
[Date "2019.06.23"]
[Round "7.18"]
[White "Braetz, Yannick"]
[Black "Hohner, Karl-Heinz"]
[Result "0-1"]
[WhiteElo "1669"]
[BlackElo "1806"]
[PlyCount "46"]
[EventDate "2019.??.??"]
[WhiteTeam "SK Schweinfurt 2000"]
[BlackTeam "(vls) Kronach"]

1. e4 e5 2. Nf3 Nc6 3. Bc4 Nf6 4. d3 Bc5 5. c3 d6 6. Nbd2 O-O 7. Bb3 Bg4 8. Nf1
d5 9. exd5 Nxd5 10. Bxd5 Qxd5 11. Ne3 Bxe3 12. fxe3 Rad8 13. O-O Qxd3 14. Qxd3
Rxd3 15. h3 Bxf3 16. gxf3 Rfd8 17. Kg2 f5 18. Re1 R8d6 19. Re2 Rd1 20. b3 Rg6+
21. Kh2 Rgg1 22. Rc2 e4 23. f4 Ne7 0-1

[Event "29. Schweinfurt Open"]
[Site "Schweinfurt"]
[Date "2019.06.23"]
[Round "7.19"]
[White "Ankenbrand, Franz"]
[Black "Schrutka, Friedrich"]
[Result "0-1"]
[WhiteElo "1360"]
[BlackElo "1794"]
[PlyCount "68"]
[EventDate "2019.??.??"]
[WhiteTeam "SF Zeiler Turm"]
[BlackTeam "SF Bad Kissingen"]

1. e4 c5 2. c4 Nc6 3. d3 g6 4. Nc3 Bg7 5. f4 d6 6. Nf3 e6 7. Be2 Nge7 8. O-O
O-O 9. Rb1 d5 10. e5 f6 11. exf6 Bxf6 12. Kh1 b6 13. Ng5 Rb8 14. Bg4 Nd4 15.
Ne2 Ndf5 16. Nc3 Bxg5 17. fxg5 dxc4 18. dxc4 Qxd1 19. Nxd1 Ng3+ 20. hxg3 Rxf1+
21. Kh2 Nf5 22. Bf4 Rb7 23. Nc3 Rxb1 24. Nxb1 Re7 25. Nc3 Bb7 26. Bf3 Bxf3 27.
gxf3 e5 28. Nd5 exf4 29. Nxe7+ Nxe7 30. gxf4 Kf7 31. Kg2 Ke6 32. Kf2 Kf5 33.
Ke3 Nc6 34. a3 a5 0-1

[Event "29. Schweinfurt Open"]
[Site "Schweinfurt"]
[Date "2019.06.23"]
[Round "7.20"]
[White "Lee, Kwan Ho"]
[Black "Voelker, Joachim"]
[Result "1/2-1/2"]
[WhiteElo "1553"]
[BlackElo "1743"]
[PlyCount "33"]
[EventDate "2019.??.??"]
[WhiteTeam "SV Hockenheim"]
[BlackTeam "SK Schweinfurt"]

1. d4 e6 2. Nf3 d5 3. g3 Be7 4. Bg2 Nf6 5. O-O O-O 6. c4 dxc4 7. Qc2 Nbd7 8.
Rd1 c6 9. Na3 Bxa3 10. bxa3 Nb6 11. e4 h6 12. Ne5 Qe7 13. Nxc4 Nxc4 14. Qxc4
Rd8 15. Bb2 Qc7 16. Rac1 Qb6 17. Qb3 1/2-1/2

[Event "29. Schweinfurt Open"]
[Site "Schweinfurt"]
[Date "2019.06.23"]
[Round "7.21"]
[White "Westerhoff, Ralf"]
[Black "Drewes, Thomas"]
[Result "1-0"]
[WhiteElo "1487"]
[BlackElo "1740"]
[PlyCount "49"]
[EventDate "2019.??.??"]
[WhiteTeam "SV Kaponier Vechta"]
[BlackTeam "SV Würzburg"]

1. e4 e5 2. Nf3 d6 3. Bc4 Be7 4. O-O Nf6 5. d3 O-O 6. a3 c6 7. Ba2 Na6 8. Nbd2
Nc5 9. Re1 Ne6 10. Nf1 h6 11. Ng3 Nh7 12. Rf1 Neg5 13. Nxg5 Nxg5 14. f4 Nh7 15.
fxe5 dxe5 16. Nf5 Bg5 17. Qg4 Nf6 18. Qf3 Bxc1 19. Raxc1 Bxf5 20. Qxf5 Qd4+ 21.
Kh1 Qxb2 22. Bb3 Qd4 23. Rf3 Rae8 24. Rg3 Qd7 25. Qg6 1-0

[Event "29. Schweinfurt Open"]
[Site "Schweinfurt"]
[Date "2019.06.23"]
[Round "7.22"]
[White "Wirth, Reinhard"]
[Black "Roth, Ludwig"]
[Result "1-0"]
[WhiteElo "1736"]
[BlackElo "1562"]
[PlyCount "95"]
[EventDate "2019.??.??"]
[WhiteTeam "SC Bergrheinfeld"]
[BlackTeam "Spvgg Stetten"]

1. e4 d6 2. d4 Nf6 3. Bd3 g6 4. Ne2 Bg7 5. O-O O-O 6. c3 h6 7. f4 Nbd7 8. f5 g5
9. Ng3 c5 10. Be3 a6 11. Nd2 Qc7 12. Rc1 b5 13. Nf3 Bb7 14. h3 Qb6 15. Nh2 Rac8
16. Bb1 a5 17. Qe2 c4 18. Nh5 Bxe4 19. Bxe4 Nxe4 20. Nxg7 Kxg7 21. d5 Nec5 22.
Bd4+ Nf6 23. Qxe7 Qd8 24. Bxf6+ Kh7 25. Qxd8 Rcxd8 26. Bxd8 Rxd8 27. Rce1 Nd3
28. Re7 Kg7 29. Rb7 b4 30. a3 Nxb2 31. axb4 a4 32. Nf3 Ra8 33. Ra1 a3 34. Rc7
a2 35. Nd2 Nd1 36. Nxc4 Nxc3 37. Nb6 Ra3 38. Rxc3 Rxc3 39. Rxa2 Rb3 40. Nc4
Rxb4 41. Nxd6 Rd4 42. Ne8+ Kf8 43. Ra8 Ke7 44. d6+ Kd7 45. Nf6+ Kxd6 46. Rd8+
Ke5 47. Rxd4 Kxd4 48. g4 1-0

[Event "29. Schweinfurt Open"]
[Site "Schweinfurt"]
[Date "2019.06.23"]
[Round "7.23"]
[White "Brux, Juergen"]
[Black "Senft, Katharina"]
[Result "1-0"]
[WhiteElo "1731"]
[BlackElo "1503"]
[PlyCount "97"]
[EventDate "2019.??.??"]
[WhiteTeam "DT Münnerstadt"]
[BlackTeam "SK Arnstein"]

1. d4 c5 2. dxc5 e6 3. c4 Bxc5 4. Nf3 Nf6 5. g3 b5 6. cxb5 Qb6 7. e3 Bb7 8. Nc3
O-O 9. Bg2 Rd8 10. O-O d5 11. Qc2 a6 12. bxa6 Bxa6 13. Rd1 Nc6 14. a3 Bc4 15.
b4 Nxb4 16. axb4 Rxa1 17. bxc5 Qxc5 18. Qb2 Raa8 19. Ne5 Rdb8 20. Qd2 Rb3 21.
Nxc4 Qxc4 22. Ne2 Rd3 23. Qxd3 Qa4 24. Bb2 Nd7 25. Ra1 Qc6 26. Rxa8+ Qxa8 27.
Qd4 Nf6 28. h3 h6 29. Nc1 Qb8 30. Nd3 Qc8 31. Ne5 Ne8 32. Ng4 Qd7 33. Nxh6+ Kf8
34. Ba3+ Nd6 35. Qc5 gxh6 36. Qxd6+ Qxd6 37. Bxd6+ Ke8 38. Bf1 Kd7 39. Bb4 e5
40. Bb5+ Ke6 41. Kf1 f5 42. Ke2 d4 43. exd4 exd4 44. Kd3 Ke5 45. f4+ Kf6 46.
Kxd4 Kg6 47. Ke5 h5 48. h4 Kf7 49. Kxf5 1-0

[Event "29. Schweinfurt Open"]
[Site "Schweinfurt"]
[Date "2019.06.23"]
[Round "7.24"]
[White "Loew, Leonid"]
[Black "Cebulla, Martin"]
[Result "1/2-1/2"]
[WhiteElo "1360"]
[BlackElo "1716"]
[PlyCount "55"]
[EventDate "2019.??.??"]
[WhiteTeam "Allersberger SC"]
[BlackTeam "SV Würzburg"]

1. e4 e5 2. Nf3 Nc6 3. Bc4 Nf6 4. d3 Be7 5. c3 O-O 6. Be3 d5 7. exd5 Nxd5 8.
O-O Nxe3 9. fxe3 Bg4 10. b4 Bg5 11. e4 Bxf3 12. Qxf3 Qd7 13. Bd5 Rad8 14. a4
Nxb4 15. cxb4 c6 16. Bc4 Qd4+ 17. Kh1 Qxa1 18. Qd1 Qd4 19. Qh5 Bf6 20. b5 cxb5
21. axb5 Rd6 22. Nd2 Qe3 23. Nf3 g6 24. Qg4 h5 25. Qxg6+ Kh8 26. Qxh5+ Kg7 27.
Qg4+ Kh7 28. Qf5+ 1/2-1/2

[Event "29. Schweinfurt Open"]
[Site "Schweinfurt"]
[Date "2019.06.23"]
[Round "7.25"]
[White "Roess, Jonas"]
[Black "Brodt, Andreas"]
[Result "1/2-1/2"]
[WhiteElo "1478"]
[BlackElo "1696"]
[PlyCount "100"]
[EventDate "2019.??.??"]
[WhiteTeam "SC Knetzgau"]
[BlackTeam "SK Schweinfurt 2000"]

1. e4 c5 2. Nf3 Nc6 3. b4 Nxb4 4. c3 Nc6 5. d4 cxd4 6. cxd4 Nf6 7. d5 Na5 8. e5
Ne4 9. Qa4 f5 10. exf6 Nxf6 11. Bd2 b6 12. Nc3 Bb7 13. Ne5 Nxd5 14. Nxd5 Bxd5
15. Bxa5 bxa5 16. Bb5 e6 17. Bxd7+ Ke7 18. Qh4+ Kd6 19. Nf7+ Kxd7 20. Nxd8 Bb4+
21. Kf1 Raxd8 22. Qd4 Rc8 23. Qxa7+ Rc7 24. Qd4 Bc3 25. Qd1 Bxa1 26. Qxa1 Rhc8
27. Ke2 Rc2+ 28. Ke3 R8c3+ 29. Kd4 Rc4+ 30. Kd3 Be4+ 31. Ke3 R2c3+ 32. Kd2 Rd3+
33. Ke1 Rcd4 34. f3 Bd5 35. Kf2 g5 36. Re1 h5 37. Re3 Rd2+ 38. Re2 Bc4 39. Rxd2
Rxd2+ 40. Ke3 Rxg2 41. Qd4+ Bd5 42. Qa7+ Ke8 43. Qxa5 Rxa2 44. Qb5+ Kf7 45.
Qd7+ Kg6 46. Qe8+ Kh6 47. Qh8+ Kg6 48. Qg8+ Kh6 49. Qh8+ Kg6 50. Qg8+ Kh6
1/2-1/2

[Event "29. Schweinfurt Open"]
[Site "Schweinfurt"]
[Date "2019.06.23"]
[Round "7.26"]
[White "Koehler, Michael"]
[Black "Kiesel, Jannik"]
[Result "1/2-1/2"]
[WhiteElo "1625"]
[BlackElo "1579"]
[PlyCount "35"]
[EventDate "2019.??.??"]
[WhiteTeam "SC Prichsenstadt"]
[BlackTeam "DT Münnerstadt"]

1. d4 f5 2. c4 Nf6 3. g3 g6 4. Bg2 Bg7 5. Nc3 d6 6. Nf3 O-O 7. O-O c6 8. b3 Qe8
9. Bb2 e5 10. dxe5 dxe5 11. e3 Na6 12. Ne2 e4 13. Ne1 Be6 14. Nf4 Rd8 15. Qe2
Rf7 16. Nc2 Rfd7 17. Rad1 Bf7 18. Nh3 1/2-1/2

[Event "29. Schweinfurt Open"]
[Site "Schweinfurt"]
[Date "2019.06.23"]
[Round "7.27"]
[White "Neuhoff, Laertes"]
[Black "Memmel, Stefan"]
[Result "1-0"]
[WhiteElo "1424"]
[BlackElo "1365"]
[PlyCount "95"]
[EventDate "2019.??.??"]
[WhiteTeam "SG Leipzig"]
[BlackTeam "SK Schweinfurt 2000"]

1. d4 c5 2. d5 d6 3. c4 g6 4. Nc3 Bg7 5. e4 Bxc3+ 6. bxc3 Nd7 7. Nf3 Nb6 8. Bd3
Nf6 9. O-O Bg4 10. h3 Bxf3 11. Qxf3 O-O 12. Bh6 Re8 13. Rfe1 Nfd7 14. Bf4 Rf8
15. e5 dxe5 16. Bxe5 Nxe5 17. Rxe5 Qd6 18. Rae1 Rae8 19. Qg3 Qf6 20. Qf3 Qxf3
21. gxf3 Nc8 22. d6 Nxd6 23. Rxe7 Rxe7 24. Rxe7 Rd8 25. Re5 b6 26. Rd5 Nb7 27.
Rxd8+ Nxd8 28. Kg2 Kg7 29. Kg3 f6 30. f4 g5 31. Kg4 Ne6 32. fxg5 fxg5 33. Bf5
Nf8 34. Kxg5 Ng6 35. Bxg6 hxg6 36. h4 a6 37. a4 Kf7 38. f4 Kg7 39. h5 gxh5 40.
Kxh5 Kf6 41. Kg4 Kg6 42. f5+ Kf6 43. Kf4 Kf7 44. Ke5 Ke7 45. f6+ Kf7 46. Kf5 b5
47. cxb5 axb5 48. axb5 1-0

[Event "29. Schweinfurt Open"]
[Site "Schweinfurt"]
[Date "2019.06.23"]
[Round "7.29"]
[White "Roth, Claudia"]
[Black "Buld, Lukas"]
[Result "1/2-1/2"]
[WhiteElo "1052"]
[BlackElo "1227"]
[PlyCount "42"]
[EventDate "2019.??.??"]
[WhiteTeam "Spvgg Stetten"]
[BlackTeam "SC Knetzgau"]

1. e4 e5 2. Nf3 Nc6 3. d4 exd4 4. Nxd4 Bc5 5. Be3 Nxd4 6. Bxd4 Bxd4 7. Qxd4 f6
8. Nc3 d6 9. O-O-O Be6 10. b3 a6 11. h3 Qd7 12. f4 O-O-O 13. a4 c5 14. Qd2 f5
15. exf5 Bxf5 16. Nd5 Kb8 17. Nb6 Qc6 18. a5 Ne7 19. Rg1 d5 20. g3 Be6 21. Bg2
g6 1/2-1/2

[Event "29. Schweinfurt Open"]
[Site "Schweinfurt"]
[Date "2019.06.23"]
[Round "7.30"]
[White "Reichert, Claudia"]
[Black "Burzler, Fabian"]
[Result "1-0"]
[WhiteElo "1682"]
[BlackElo "890"]
[PlyCount "113"]
[EventDate "2019.??.??"]
[WhiteTeam "DT Münnerstadt"]
[BlackTeam "SC Prichsenstadt / SW"]

1. c4 Nf6 2. Nc3 g6 3. g3 Bg7 4. Bg2 d6 5. d4 O-O 6. Nf3 Bf5 7. O-O Nbd7 8. Nh4
Bg4 9. Bxb7 Rb8 10. Bg2 Re8 11. h3 Be6 12. d5 Bf5 13. e4 Bxe4 14. Nxe4 e6 15.
Rb1 Nxe4 16. Bxe4 f5 17. Bg2 e5 18. Nf3 Rf8 19. Bg5 Bf6 20. Bxf6 Qxf6 21. Qd2
Nc5 22. Qg5 Qf7 23. b3 Ne4 24. Qh6 Nc3 25. Ng5 Qe7 26. Rb2 Ne4 27. Nxe4 fxe4
28. Bxe4 Rf6 29. h4 Qg7 30. Qxg7+ Kxg7 31. Re2 Rbf8 32. Bg2 a6 33. f4 R8f7 34.
fxe5 dxe5 35. Rxe5 Rf5 36. Rfxf5 gxf5 37. Bh3 f4 38. Rf5 Rxf5 39. Bxf5 fxg3 40.
Kg2 h6 41. Kxg3 Kf6 42. Kf4 h5 43. b4 Kg7 44. Kg5 Kf7 45. Kxh5 Kf6 46. Kg4 Ke5
47. h5 Kd6 48. h6 c5 49. bxc5+ Kxc5 50. h7 a5 51. h8=Q a4 52. Qc3 a3 53. Qxa3+
Kd4 54. d6 Ke5 55. d7 Kf6 56. d8=Q+ Kg7 57. Qaf8# 1-0

[Event "29. Schweinfurt Open"]
[Site "Schweinfurt"]
[Date "2019.06.23"]
[Round "7.31"]
[White "Bokov, Igor"]
[Black "Alekhin, Evgenii"]
[Result "0-1"]
[WhiteElo "796"]
[BlackElo "1051"]
[PlyCount "38"]
[EventDate "2019.??.??"]
[WhiteTeam "SK Schweinfurt 2000"]
[BlackTeam "SK Schweinfurt 2000"]

1. e4 e5 2. Nf3 Bc5 3. Nc3 Nf6 4. Nxe5 d5 5. f3 dxe4 6. Nxe4 Nxe4 7. fxe4 Qh4+
8. g3 Qxe4+ 9. Qe2 Qxh1 10. Ng6+ Be6 11. Nxh8 Nc6 12. Qb5 Bh3 13. Qc4 O-O-O 14.
Qxf7 Rf8 15. d3 Rxf7 16. Nxf7 Bd4 17. c3 Qxf1+ 18. Kd2 Qf2+ 19. Kd1 Bg4# 0-1